[Event "Aktobe Dvorkovich op-A"]
[Site "Aktobe"]
[Date "2025.06.25"]
[Round "4"]
[White "Khamdamova, Afruza"]
[Black "Sahib, Singh"]
[Result "1/2-1/2"]
[WhiteElo "2326"]
[BlackElo "2407"]
[PlyCount "74"]
[EventDate "2025.06.22"]
[EventType "swiss"]
[EventRounds "9"]
[EventCountry "KAZ"]
[SourceTitle "CB27_2025"]
[SourceDate "2025.07.02"]
[SourceVersion "1"]
[SourceVersionDate "2025.07.02"]
[SourceQuality "1"]

1. e4 c5 2. Nf3 Nc6 3. d4 cxd4 4. Nxd4 e6 5. Nc3 Qc7 6. Be3 a6 7. Qf3 Nf6 8. a3 Bd6 9. h3 b5 10. Nxc6 Qxc6 11. Bf4 Bb7 12. Bxd6 Qxd6 13. Qe3 Qc6 14. Bd3 d5 15. e5 Nd7 16. 0-0-0 Qc5 17. Qxc5 Nxc5 18. Ne2 d4 19. Nxd4 0-0-0 20. Nf3 Bxf3 21. gxf3 Rd5 22. Rhe1 Kc7 23. Bf1 Rhd8 24. b4 Rxd1+ 25. Rxd1 Rxd1+ 26. Kxd1 Nd7 27. f4 Nb6 28. Bd3 g6 29. Ke2 Kc6 30. Ke3 Kd5 31. Be2 Nc4+ 32. Kd3 Kc6 33. Kd4 Nxa3 34. Bd3 Kb6 35. c3 Kc6 36. Be4+ Kb6 37. Bd3 Kc6 1/2-1/2

[Event "Aktobe Dvorkovich op-A"]
[Site "Aktobe"]
[Date "2025.06.24"]
[Round "3"]
[White "Khamdamova, Afruza"]
[Black "Ansat, Aldiyar"]
[Result "0-1"]
[WhiteElo "2326"]
[BlackElo "2489"]
[PlyCount "132"]
[EventDate "2025.06.22"]
[EventType "swiss"]
[EventRounds "9"]
[EventCountry "KAZ"]
[SourceTitle "CB27_2025"]
[SourceDate "2025.07.02"]
[SourceVersion "1"]
[SourceVersionDate "2025.07.02"]
[SourceQuality "1"]

1. e4 c5 2. Nf3 Nc6 3. d4 cxd4 4. Nxd4 Nf6 5. Nc3 e5 6. Ndb5 d6 7. Nd5 Nxd5 8. exd5 Ne7 9. c4 Ng6 10. Qa4 Bd7 11. Qb4 Qb8 12. Be3 a6 13. Nc3 Be7 14. Na4 Qc7 15. Nb6 Rd8 16. Bd3 0-0 17. 0-0-0 Nf4 18. Bxf4 exf4 19. Nxd7 Qxd7 20. g3 Bf6 21. Kb1 Rfe8 22. Qd2 f3 23. Qf4 Qa4 24. Rd2 Re5 25. Qxf3 b5 26. Qd1 Qb4 27. a3 Qa5 28. f4 Re3 29. Re1 Rxe1 30. Qxe1 bxc4 31. Bxc4 Qa4 32. Re2 Rb8 33. Bb3 Qd7 34. Qd1 Qb7 35. Ka2 g6 36. Qd3 a5 37. a4 Qd7 38. Rc2 Kg7 39. Kb1 Rb4 40. Rc4 Rb6 41. Rc2 Qe8 42. Ka2 Qd7 43. Kb1 Qe7 44. Ka2 Qe8 45. Re2 Qd7 46. Rc2 h5 47. h4 Rb4 48. Rc4 Rxc4 49. Qxc4 Qh3 50. f5 Qxf5 51. Bc2 Qf2 52. Qd3 Be5 53. Kb3 Qxg3 54. Qxg3 Bxg3 55. Kc4 Bxh4 56. b4 axb4 57. a5 Bf2 58. Kxb4 Kf6 59. Kc4 Ke5 60. Kd3 f5 61. Ke2 Ba7 62. Bb3 g5 63. Kf3 h4 64. Kg2 g4 65. Kh2 f4 66. a6 f3 0-1

[Event "WchT Blitz Pool C"]
[Site "London"]
[Date "2025.06.14"]
[Round "13.5"]
[White "Sodbilegt, Naranbold"]
[Black "Khamdamova, Afruza"]
[Result "0-1"]
[WhiteElo "2363"]
[BlackElo "2326"]
[PlyCount "95"]
[EventDate "2025.06.14"]
[EventType "team-tourn"]
[EventRounds "13"]
[EventCountry "ENG"]
[SourceTitle "CB25_2025"]
[SourceDate "2025.06.18"]
[SourceVersion "1"]
[SourceVersionDate "2025.06.18"]
[SourceQuality "1"]
[WhiteTeam "Mongolia II"]
[BlackTeam "Uzbekistan"]
[WhiteTeamCountry "MGL"]
[BlackTeamCountry "UZB"]

1. d4 d5 2. c4 e6 3. Nc3 Nf6 4. cxd5 exd5 5. Bg5 c6 6. e3 h6 7. Bh4 Be7 8. Bd3 0-0 9. Qc2 Re8 10. Nf3 Ne4 11. Bxe7 Qxe7 12. 0-0 Nd7 13. Rae1 Ndf6 14. Ne5 Bf5 15. f3 Nxc3 16. bxc3 Bxd3 17. Qxd3 c5 18. e4 cxd4 19. cxd4 Rad8 20. Rd1 Qc7 21. Qb3 Qb6 22. Qxb6 axb6 23. Rfe1 dxe4 24. fxe4 Nxe4 25. Rxe4 f6 26. Rc1 fxe5 27. dxe5 Re6 28. Rc2 Rd5 29. Rce2 Kf7 30. Kf2 g5 31. Kf3 Kg6 32. g4 b5 33. R4e3 b4 34. Re4 b5 35. Kg3 h5 36. gxh5+ Kxh5 37. R2e3 Rc5 38. h4 Rd5 39. hxg5 Kxg5 40. Kf3 Kf5 41. Rf4+ Kg5 42. Rfe4 Kf5 43. Rf4+ Kg5 44. Rg4+ Kf5 45. Rxb4 Rexe5 46. Rxe5+ Rxe5 47. a4 bxa4 48. Rxa4 0-1

[Event "WchT Rapid"]
[Site "London"]
[Date "2025.06.12"]
[Round "7.5"]
[White "Khamdamova, Afruza"]
[Black "Bulmaga, Irina"]
[Result "1-0"]
[WhiteElo "2406"]
[BlackElo "2372"]
[PlyCount "55"]
[EventDate "2025.06.11"]
[EventType "team-swiss"]
[EventRounds "12"]
[EventCountry "ENG"]
[SourceTitle "CB25_2025"]
[SourceDate "2025.06.18"]
[SourceVersion "1"]
[SourceVersionDate "2025.06.18"]
[SourceQuality "1"]
[WhiteTeam "Uzbekistan"]
[BlackTeam "Malcolm's Mates"]
[WhiteTeamCountry "UZB"]
[BlackTeamCountry "ENG"]

1. e4 e5 2. Nf3 Nc6 3. Bb5 Nf6 4. d3 Bc5 5. c3 0-0 6. 0-0 d5 7. exd5 Qxd5 8. Bc4 Qd8 9. b4 Be7 10. Nbd2 a6 11. Re1 b5 12. Bb3 Qxd3 13. Re3 Qd6 14. Qe2 Bg4 15. Rd3 Bxf3 16. Qxf3 Nd4 17. cxd4 exd4 18. Bb2 a5 19. Rxd4 Qe5 20. Rb1 Qg5 21. Ne4 Qg6 22. Bc2 axb4 23. Nxf6+ Qxf6 24. Rg4 Qh6 25. Bxg7 Qxg7 26. Rxg7+ Kxg7 27. Qg4+ Kh8 28. Qf5 1-0

[Event "Asia-ch (Women) Blitz"]
[Site "Al Ain"]
[Date "2025.05.10"]
[Round "2"]
[White "Khamdamova, Afruza"]
[Black "Jiang, Tianyu"]
[Result "1-0"]
[WhiteElo "2344"]
[BlackElo "2118"]
[PlyCount "95"]
[EventDate "2025.05.10"]
[EventType "swiss (blitz)"]
[EventRounds "9"]
[EventCountry "UAE"]
[SourceTitle "CB20_2025"]
[SourceDate "2025.05.14"]
[SourceVersion "1"]
[SourceVersionDate "2025.05.14"]
[SourceQuality "1"]

1. e4 c5 2. Nf3 e6 3. d4 cxd4 4. Nxd4 Nc6 5. Nc3 Qc7 6. Be2 a6 7. 0-0 Nf6 8. Be3 Be7 9. f4 d6 10. a4 0-0 11. Kh1 Nxd4 12. Qxd4 e5 13. Qd3 exf4 14. Bxf4 Be6 15. Qg3 Kh8 16. Rad1 Rad8 17. Rd2 Qb6 18. b3 Qc6 19. Bg5 Ng8 20. Nd5 Bxg5 21. Qxg5 Bxd5 22. exd5 Qc3 23. Bd3 g6 24. Rdf2 f5 25. h3 Qf6 26. Qd2 Qe5 27. c4 Rfe8 28. Qb4 Qd4 29. Bb1 Re7 30. Rd2 Qe5 31. c5 dxc5 32. Qxc5 Red7 33. Rfd1 Nf6 34. b4 Rxd5 35. Rxd5 Rxd5 36. Qc8+ Ng8 37. Rxd5 Qxd5 38. Qc3+ Nf6 39. Qxf6+ Kg8 40. Qb2 Qd1+ 41. Kh2 Qd6+ 42. g3 Kf8 43. Ba2 Ke7 44. Bc4 Kd7 45. b5 axb5 46. Bxb5+ Kc8 47. Qf2 Kb8 48. Qf4 1-0

[Event "Asia-ch (Women)"]
[Site "Al Ain"]
[Date "2025.05.08"]
[Round "2"]
[White "Chitlange, Sakshi"]
[Black "Khamdamova, Afruza"]
[Result "0-1"]
[WhiteElo "2215"]
[BlackElo "2344"]
[PlyCount "48"]
[EventDate "2025.05.07"]
[EventType "swiss"]
[EventRounds "9"]
[EventCountry "UAE"]
[SourceTitle "CB21_2025"]
[SourceDate "2025.05.21"]
[SourceVersion "1"]
[SourceVersionDate "2025.05.21"]
[SourceQuality "1"]

1. d4 d5 2. c4 e6 3. Nc3 Be7 4. cxd5 exd5 5. Bf4 c6 6. e3 Bf5 7. Nf3 Nd7 8. h3 h6 9. Bd3 Bxd3 10. Qxd3 Ngf6 11. Rb1 a5 12. 0-0 0-0 13. Qc2 Re8 14. Rbc1 Bf8 15. a3 Rc8 16. Nd2 b5 17. Rfe1 Nb6 18. Nd1 Re6 19. e4 b4 20. axb4 axb4 21. Nb1 c5 22. dxc5 Bxc5 23. Qb3 Qe7 24. e5 Nc4 0-1

[Event "UZB-ch (Women)"]
[Site "Qiziltepa"]
[Date "2025.04.23"]
[Round "3.1"]
[White "Khamdamova, Afruza"]
[Black "Nadirjanova, Nodira"]
[Result "1/2-1/2"]
[WhiteElo "2326"]
[BlackElo "2128"]
[PlyCount "120"]
[EventDate "2025.04.19"]
[EventType "k.o."]
[EventRounds "4"]
[EventCountry "UZB"]
[SourceTitle "CB18_2025"]
[SourceDate "2025.04.30"]
[SourceVersion "1"]
[SourceVersionDate "2025.04.30"]
[SourceQuality "1"]

1. e4 e6 2. d4 d5 3. Nc3 dxe4 4. Nxe4 Bd7 5. Nf3 Bc6 6. Bd3 Nd7 7. 0-0 Ngf6 8. Ng3 Be7 9. Bf4 0-0 10. c4 b6 11. Qe2 Bb7 12. Rfe1 Re8 13. Ne5 Nf8 14. Rad1 Qc8 15. Bc2 Bb4 16. Rf1 Ng6 17. Bg5 Nd7 18. Nxd7 Qxd7 19. c5 bxc5 20. a3 Qd5 21. Be4 Qxg5 22. Bxb7 Rab8 23. Bc6 Red8 24. axb4 cxd4 25. b5 Ne7 26. Qc4 Nxc6 27. bxc6 Qd5 28. Qxd5 Rxd5 29. Rd2 Rb6 30. Rc1 e5 31. f4 f6 32. fxe5 fxe5 33. Rf2 Rd6 34. Rc5 Rdxc6 35. Rxe5 Rc1+ 36. Nf1 Rf6 37. Rxf6 gxf6 38. Ra5 c5 39. Rxa7 c4 40. Rd7 d3 41. Rd4 Rb1 42. g4 Kf7 43. h4 Ke6 44. Kf2 Rxb2+ 45. Ke3 c3 46. Kxd3 c2 47. Rc4 Rb1 48. Rxc2 Rxf1 49. Ke4 Re1+ 50. Kf3 h5 51. gxh5 Kf7 52. Rc7+ Re7 53. Rc4 Kg7 54. Kg4 Kh6 55. Rf4 Rg7+ 56. Kh3 Kxh5 57. Rxf6 Ra7 58. Rf5+ Kh6 59. Rf4 Rg7 60. Rb4 Rg1 1/2-1/2

[Event "UZB-ch (Women)"]
[Site "Qiziltepa"]
[Date "2025.04.22"]
[Round "2.2"]
[White "Khamdamova, Afruza"]
[Black "Khalilova, Madinabonu"]
[Result "1/2-1/2"]
[WhiteElo "2326"]
[BlackElo "2056"]
[PlyCount "54"]
[EventDate "2025.04.19"]
[EventType "k.o."]
[EventRounds "4"]
[EventCountry "UZB"]
[SourceTitle "CB18_2025"]
[SourceDate "2025.04.30"]
[SourceVersion "1"]
[SourceVersionDate "2025.04.30"]
[SourceQuality "1"]

1. e4 c5 2. Nf3 Nc6 3. d4 cxd4 4. Nxd4 e5 5. Nb5 d6 6. c4 Be7 7. N1c3 a6 8. Na3 f5 9. exf5 Bxf5 10. Bd3 Be6 11. 0-0 Nf6 12. Nc2 0-0 13. Ne3 Qd7 14. Ned5 Rae8 15. Be3 Bd8 16. Nxf6+ Bxf6 17. Qd2 Nd4 18. Bxd4 exd4 19. Nd5 Bxd5 20. cxd5 Re5 21. Qc2 g6 22. Be4 Rfe8 23. Bf3 R5e7 24. Qd3 Kg7 25. Rac1 Rc8 26. h3 Rc5 27. Rce1 Qc7 1/2-1/2

[Event "UZB-ch (Women)"]
[Site "Qiziltepa"]
[Date "2025.04.19"]
[Round "1.1"]
[White "Khamdamova, Afruza"]
[Black "Shomurodova, Raykhona"]
[Result "1-0"]
[WhiteElo "2326"]
[BlackElo "1678"]
[PlyCount "106"]
[EventDate "2025.04.19"]
[EventType "k.o."]
[EventRounds "4"]
[EventCountry "UZB"]
[SourceTitle "CB18_2025"]
[SourceDate "2025.04.30"]
[SourceVersion "1"]
[SourceVersionDate "2025.04.30"]
[SourceQuality "1"]

1. e4 c5 2. Nf3 d6 3. d4 cxd4 4. Nxd4 Nf6 5. Nc3 g6 6. Be3 Bg7 7. f3 0-0 8. Qe2 Nc6 9. 0-0-0 d5 10. Nb3 e6 11. f4 b6 12. g4 Qe7 13. e5 Ne4 14. Nxe4 dxe4 15. Bg2 Nb4 16. Bxe4 Ba6 17. Qg2 Rac8 18. Kb1 Bc4 19. g5 Qc7 20. Bd2 Na6 21. h4 Rfd8 22. h5 Bd5 23. Qe2 Bxe4 24. Qxe4 Bf8 25. hxg6 fxg6 26. Bc3 Nc5 27. Nxc5 Bxc5 28. a4 a5 29. Rhf1 Rf8 30. Qc4 Qf7 31. Qb5 Rc7 32. Bd4 Qf5 33. Qb3 Rfc8 34. Bxc5 Rxc5 35. Rf2 Qg4 36. Rfd2 R5c6 37. Rd8+ Rxd8 38. Rxd8+ Kf7 39. Qd3 Qg1+ 40. Ka2 Qc5 41. Rd4 Rc8 42. c3 Qc6 43. Kb3 Ke7 44. Rc4 Qb7 45. Qd6+ Kf7 46. Rxc8 Qxc8 47. Qxb6 Qa8 48. Qc7+ Kg8 49. Qd7 Qa6 50. Qd6 Qb7+ 51. Ka3 Kf7 52. Qd8 Qa7 53. Qf6+ Ke8 1-0

[Event "Almaty zt 3.4 (Women)"]
[Site "Almaty"]
[Date "2025.04.05"]
[Round "4"]
[White "Bauyrzhan, Arnash"]
[Black "Khamdamova, Afruza"]
[Result "0-1"]
[WhiteElo "1959"]
[BlackElo "2326"]
[PlyCount "110"]
[EventDate "2025.04.02"]
[EventType "swiss"]
[EventRounds "9"]
[EventCountry "KAZ"]
[SourceTitle "CB15_2025"]
[SourceDate "2025.04.09"]
[SourceVersion "1"]
[SourceVersionDate "2025.04.09"]
[SourceQuality "1"]

1. e4 c5 2. Nf3 e6 3. d4 cxd4 4. Nxd4 Nf6 5. Nc3 Nc6 6. g3 Bb4 7. Bg2 0-0 8. 0-0 d6 9. a3 Bxc3 10. bxc3 e5 11. Nb5 Ne8 12. a4 Na5 13. Be3 a6 14. Na3 Qc7 15. Qd3 Be6 16. Rfb1 Nc4 17. Nxc4 Bxc4 18. Qd2 Be6 19. Rb6 Bd7 20. c4 Rc8 21. Rab1 Qxc4 22. Rxb7 Bxa4 23. R7b4 Qxc2 24. Qd5 Qc6 25. Bh3 Rc7 26. Bb6 Rb7 27. Qxc6 Bxc6 28. Bc8 Rb8 29. Bxa6 f5 30. Bc4+ Kh8 31. exf5 Rxf5 32. Bd3 Rf7 33. f4 e4 34. Bxe4 Bxe4 35. Rxe4 Nf6 36. Rd4 Rfb7 37. Rxd6 Kg8 38. Rb4 Kf7 39. g4 Nxg4 40. Rc6 Nf6 41. Rb5 Kg8 42. Rd6 Nd7 43. Bd4 Rxb5 44. Rxd7 R8b7 45. Rxb7 Rxb7 46. Kf2 Rb3 47. Be3 Kf7 48. Kf3 Ke6 49. Ke4 g6 50. h4 h5 51. Bc5 Rb2 52. Kf3 Kf5 53. Bd6 Rb3+ 54. Kg2 Kg4 55. Be7 Rb2+ 0-1

[Event "Almaty zt 3.4 (Women)"]
[Site "Almaty"]
[Date "2025.04.03"]
[Round "2"]
[White "Antonova, Nadezhda"]
[Black "Khamdamova, Afruza"]
[Result "0-1"]
[WhiteElo "2039"]
[BlackElo "2326"]
[PlyCount "130"]
[EventDate "2025.04.02"]
[EventType "swiss"]
[EventRounds "9"]
[EventCountry "KAZ"]
[SourceTitle "CB15_2025"]
[SourceDate "2025.04.09"]
[SourceVersion "1"]
[SourceVersionDate "2025.04.09"]
[SourceQuality "1"]

1. d4 d5 2. Nf3 Nf6 3. Bf4 e6 4. e3 c5 5. Nbd2 Nc6 6. c3 cxd4 7. exd4 Nh5 8. Be3 Bd6 9. Ne5 Nf6 10. Nd3 0-0 11. Be2 Qc7 12. g3 Ne4 13. f3 Nxd2 14. Qxd2 f6 15. f4 a5 16. 0-0 a4 17. Bf3 Ne7 18. Rfe1 Bd7 19. Bf2 Rac8 20. a3 b6 21. Re2 Rce8 22. Bh5 g6 23. Bf3 Kg7 24. Rae1 Ng8 25. Bg2 f5 26. Ne5 Bb5 27. Re3 Nf6 28. Rc1 Qc8 29. Nf3 Ne4 30. Qe1 Qa6 31. Nd2 Rc8 32. Nxe4 fxe4 33. Bh3 Rf6 34. Bf1 Bxf1 35. Qxf1 b5 36. Re2 Rcf8 37. Qe1 Qc6 38. h4 h6 39. Be3 Qe8 40. Rg2 Rf5 41. Rcc2 Qc6 42. Rcf2 Qc4 43. Qc1 R5f6 44. Qe1 Kf7 45. Qc1 Ke8 46. Qd1 Kd7 47. Qc1 Qb3 48. Rc2 Rc8 49. Qd1 Be7 50. Qe2 Rf5 51. g4 Rf7 52. g5 h5 53. Rc1 Bd6 54. Rf1 Ke8 55. Rgf2 Rfc7 56. Kg2 Ke7 57. Kh3 Bxa3 58. bxa3 Rxc3 59. Re1 Rxe3+ 60. Qxe3 Rc3 61. Rfe2 Qxa3 62. Kg2 Rxe3 63. Rxe3 Qb2+ 64. R3e2 Qxd4 65. Rc2 Qd3 0-1

[Event "Samarkand (Women) op 3rd"]
[Site "Samarkand"]
[Date "2025.03.18"]
[Round "9"]
[White "Khamdamova, Afruza"]
[Black "Malikova, Marjona"]
[Result "1-0"]
[WhiteElo "2350"]
[BlackElo "2051"]
[PlyCount "181"]
[EventDate "2025.03.09"]
[EventType "swiss"]
[EventRounds "9"]
[EventCountry "UZB"]
[SourceTitle "CB13_2025"]
[SourceDate "2025.03.26"]
[SourceVersion "1"]
[SourceVersionDate "2025.03.26"]
[SourceQuality "1"]

1. e4 e6 2. d4 d5 3. Nd2 c5 4. Ngf3 cxd4 5. exd5 Qxd5 6. Bc4 Qd7 7. 0-0 a6 8. a4 Nc6 9. Nb3 Nf6 10. Nbxd4 Nxd4 11. Nxd4 Qc7 12. Qe2 Bd6 13. h3 0-0 14. Bg5 Ne4 15. Be3 b6 16. c3 Bb7 17. Bd3 Nc5 18. Bc2 Rae8 19. b4 Ne4 20. Bxe4 Bxe4 21. Qxa6 Ra8 22. Qe2 Bb7 23. Nb5 Bh2+ 24. Kh1 Qc6 25. f4 Bg3 26. Bd4 h5 27. Qf3 Qxf3 28. gxf3 Bxf4 29. Bxb6 Rfc8 30. Kg2 Ba6 31. Bc5 Be5 32. Rac1 Bb7 33. a5 Rd8 34. Rcd1 g5 35. Kf2 Bd5 36. Rg1 f6 37. Bd4 Bb3 38. Rde1 Bc4 39. Bxe5 Rd2+ 40. Kg3 f5 41. Rg2 Rxg2+ 42. Kxg2 Bxb5 43. Rd1 Kf7 44. Rd6 Ra6 45. Rd8 Ke7 46. Rb8 Bd3 47. Rb7+ Ke8 48. Rg7 g4 49. hxg4 hxg4 50. fxg4 fxg4 51. Rxg4 Rc6 52. Rg8+ Kd7 53. Rg7+ Kc8 54. Kf3 Ba6 55. Rg8+ Kd7 56. Rb8 Bc4 57. Ke3 Bf1 58. Kd2 Ra6 59. Rb7+ Kc6 60. Rc7+ Kb5 61. Rc5+ Ka4 62. Ke3 Bg2 63. Bc7 Bf1 64. Kd4 Ra8 65. Ke5 Rh8 66. Kxe6 Rh6+ 67. Ke5 Rh5+ 68. Kd4 Rh4+ 69. Ke3 Rh6 70. Bf4 Rg6 71. Rd5 Re6+ 72. Kf2 Bb5 73. Rd6 Rxd6 74. Bxd6 Kb3 75. Be5 Kc4 76. Ke3 Kd5 77. Bh8 Ba6 78. Kf4 Bd3 79. Bg7 Bb5 80. Kf5 Ba6 81. Kf6 Kd6 82. Bf8+ Kd5 83. Ke7 Bb5 84. Bh6 Kc4 85. Kd6 Ba6 86. Kc6 Bc8 87. Bg7 Bf5 88. a6 Be4+ 89. Kc7 Kb5 90. a7 Bd3 91. Bh8 1-0

[Event "Samarkand (Women) op 3rd"]
[Site "Samarkand"]
[Date "2025.03.16"]
[Round "7"]
[White "Shuvalova, Polina"]
[Black "Khamdamova, Afruza"]
[Result "1-0"]
[WhiteElo "2508"]
[BlackElo "2350"]
[PlyCount "137"]
[EventDate "2025.03.09"]
[EventType "swiss"]
[EventRounds "9"]
[EventCountry "UZB"]
[SourceTitle "CB13_2025"]
[SourceDate "2025.03.26"]
[SourceVersion "1"]
[SourceVersionDate "2025.03.26"]
[SourceQuality "1"]

1. e4 e5 2. Nf3 Nc6 3. Bb5 a6 4. Ba4 Nf6 5. 0-0 Be7 6. Re1 b5 7. Bb3 d6 8. c3 0-0 9. h3 Bb7 10. d4 Re8 11. Nbd2 Bf8 12. a4 h6 13. Bc2 exd4 14. cxd4 Nb4 15. Bb1 c5 16. d5 Nd7 17. Ra3 c4 18. Ree3 Nc5 19. Nd4 Qf6 20. N2f3 Nbd3 21. Bxd3 b4 22. Bc2 bxa3 23. bxa3 Bc8 24. Bb2 Bd7 25. Bc3 Nd3 26. Bxd3 cxd3 27. Qxd3 Qd8 28. a5 Be7 29. Nc6 Bxc6 30. dxc6 Bf6 31. Bxf6 Qxf6 32. Nd4 g6 33. Nc2 Re5 34. Qd4 Qe6 35. Nb4 Rc5 36. Rd3 Qe5 37. Qxe5 dxe5 38. Rd5 Rc1+ 39. Kh2 Re8 40. Rd6 Rc8 41. Nd5 Kg7 42. c7 R8xc7 43. Nxc7 Rxc7 44. Rxa6 Rc3 45. h4 Rxa3 46. f3 Ra2 47. Ra7 g5 48. h5 Ra1 49. Kg3 Ra2 50. a6 Kf6 51. Ra8 Kg7 52. Kh3 Kf6 53. a7 Kg7 54. Kg3 Kh7 55. Kg4 Kg7 56. Kf5 f6 57. Ke6 Ra6+ 58. Ke7 Ra1 59. Ke8 Kg8 60. Kd7+ Kg7 61. Kc6 Rc1+ 62. Kd6 Ra1 63. Rc8 Ra6+ 64. Rc6 Rxa7 65. Rc7+ Rxc7 66. Kxc7 f5 67. g4 fxg4 68. fxg4 Kf7 69. Kd7 1-0

[Event "Samarkand (Women) op 3rd"]
[Site "Samarkand"]
[Date "2025.03.14"]
[Round "6"]
[White "Khamdamova, Afruza"]
[Black "Girya, Olga"]
[Result "1/2-1/2"]
[WhiteElo "2350"]
[BlackElo "2398"]
[PlyCount "112"]
[EventDate "2025.03.09"]
[EventType "swiss"]
[EventRounds "9"]
[EventCountry "UZB"]
[SourceTitle "CB13_2025"]
[SourceDate "2025.03.26"]
[SourceVersion "1"]
[SourceVersionDate "2025.03.26"]
[SourceQuality "1"]

1. e4 e5 2. Nf3 Nc6 3. Bb5 Nf6 4. d3 Bc5 5. 0-0 d6 6. c3 0-0 7. Nbd2 Bb6 8. h3 Ne7 9. d4 exd4 10. cxd4 d5 11. e5 Ne4 12. Bd3 Bf5 13. Qc2 Nc6 14. Nxe4 dxe4 15. Bxe4 Nxd4 16. Nxd4 Bxe4 17. Qxe4 Qxd4 18. Qxb7 Qxe5 19. Qf3 Rae8 20. Rb1 Qe2 21. Qxe2 Rxe2 22. a4 Rd8 23. Bf4 Rd4 24. Rbe1 Rxe1 25. Rxe1 Kf8 26. g3 Rxa4 27. Rc1 Ra2 28. Rc2 a5 29. Bxc7 Bxc7 30. Rxc7 Rxb2 31. Ra7 Ra2 32. Kg2 g5 33. g4 Kg7 34. Kg3 a4 35. h4 gxh4+ 36. Kxh4 a3 37. f3 h6 38. Kg3 Ra1 39. Kf4 a2 40. Kf5 Rf1 41. Rxa2 Rxf3+ 42. Ke4 Rf6 43. Ra5 Kg6 44. Rb5 Rf1 45. Ra5 Rf2 46. Rb5 f6 47. Ra5 Re2+ 48. Kf4 Re5 49. Ra7 Rb5 50. Rc7 Rb4+ 51. Kg3 Ra4 52. Rb7 h5 53. gxh5+ Kxh5 54. Rb5+ Kg6 55. Kf3 f5 56. Rb8 Kg5 1/2-1/2

[Event "Samarkand (Women) op 3rd"]
[Site "Samarkand"]
[Date "2025.03.12"]
[Round "4"]
[White "Bobomurodova, Maftuna"]
[Black "Khamdamova, Afruza"]
[Result "0-1"]
[WhiteElo "1794"]
[BlackElo "2350"]
[PlyCount "56"]
[EventDate "2025.03.09"]
[EventType "swiss"]
[EventRounds "9"]
[EventCountry "UZB"]
[SourceTitle "CB13_2025"]
[SourceDate "2025.03.26"]
[SourceVersion "1"]
[SourceVersionDate "2025.03.26"]
[SourceQuality "1"]

1. e4 c5 2. Nf3 e6 3. d4 cxd4 4. Nxd4 Nf6 5. Nc3 Nc6 6. Ndb5 Bc5 7. Bf4 0-0 8. Bc7 Qe7 9. Bd6 Bxd6 10. Qxd6 Qd8 11. a4 a6 12. Na3 Ne8 13. Qd2 f5 14. f3 fxe4 15. fxe4 Nf6 16. 0-0-0 Ng4 17. Re1 Nge5 18. Bc4 b5 19. axb5 Nxc4 20. Nxc4 axb5 21. Nd6 Ra1+ 22. Nb1 Nb4 23. b3 Qa5 24. Qd1 Rf2 25. Re2 Rxe2 26. Qxe2 Qa2 27. Kd2 Qxc2+ 28. Ke3 Qc5+ 0-1

[Event "Wch U20 Girls 41st"]
[Site "Petrovac"]
[Date "2025.03.03"]
[Round "7"]
[White "Kurmangaliyeva, Liya"]
[Black "Khamdamova, Afruza"]
[Result "0-1"]
[WhiteElo "2251"]
[BlackElo "2354"]
[PlyCount "154"]
[EventDate "2025.02.25"]
[EventType "swiss"]
[EventRounds "11"]
[EventCountry "MNE"]
[SourceTitle "CB11_2025"]
[SourceDate "2025.03.12"]
[SourceVersion "1"]
[SourceVersionDate "2025.03.12"]
[SourceQuality "1"]

1. d4 d5 2. c4 e6 3. Nf3 Nf6 4. Nc3 Be7 5. h3 c6 6. e3 0-0 7. Bd3 b6 8. 0-0 Bb7 9. Qe2 Nbd7 10. b3 c5 11. Bb2 Rc8 12. Rfd1 Qc7 13. cxd5 exd5 14. Rac1 Qb8 15. Bf5 Rcd8 16. Ne5 cxd4 17. exd4 Bd6 18. Nb5 a6 19. Nxd6 Qxd6 20. Re1 g6 21. Bd3 b5 22. Qd2 b4 23. Rc2 Rfe8 24. Qf4 Re7 25. Rec1 Nh5 26. Qd2 Nb8 27. Be2 Ng7 28. Nd3 a5 29. Nc5 Bc8 30. Na4 Bf5 31. Rc5 Rde8 32. Bf1 Ne6 33. Rb5 Nd7 34. Re1 Nf6 35. Rb6 Qd8 36. Bb5 Rf8 37. f3 Nc7 38. Bf1 Rfe8 39. Rc1 Kg7 40. Rbc6 h5 41. Qf4 Ne6 42. Qe5 h4 43. Nb6 Qb8 44. Rd6 Kg8 45. Rcc6 Nd8 46. Rxd8 Qxd8 47. Qxf6 Re1 48. Qxd8 Rxd8 49. Kf2 Rb1 50. Bc1 Ra1 51. Bg5 Rxa2+ 52. Ke3 Re8+ 53. Kf4 Rf2 54. Bxh4 Rxf1 55. Nxd5 Re6 56. Ne7+ Kg7 57. Rc5 a4 58. bxa4 Bd3 59. Rc8 f6 60. Rc7 g5+ 61. Kg4 Kf8 62. Bg3 b3 63. Rb7 b2 64. Rxb2 Kxe7 65. Rb7+ Ke8 66. d5 Re7 67. Bc7 Rb1 68. Ra7 Rb2 69. g3 Bc4 70. d6 Be6+ 71. Kh5 Rg7 72. Kh6 Rg8 73. Ba5 Bf5 74. Ra8+ Kf7 75. Ra7+ Ke6 76. Bc7 Rg2 77. g4 Bd3 0-1

[Event "Wch U20 Girls 41st"]
[Site "Petrovac"]
[Date "2025.02.28"]
[Round "4"]
[White "Khamdamova, Afruza"]
[Black "Shohradova, Lala"]
[Result "1-0"]
[WhiteElo "2354"]
[BlackElo "2025"]
[PlyCount "111"]
[EventDate "2025.02.25"]
[EventType "swiss"]
[EventRounds "11"]
[EventCountry "MNE"]
[SourceTitle "CB11_2025"]
[SourceDate "2025.03.12"]
[SourceVersion "1"]
[SourceVersionDate "2025.03.12"]
[SourceQuality "1"]

1. e4 e6 2. d4 d5 3. Nc3 Bb4 4. e5 Ne7 5. a3 Bxc3+ 6. bxc3 b6 7. Qg4 Ng6 8. h4 h5 9. Qg3 Ba6 10. Bxa6 Nxa6 11. Bg5 Qd7 12. Ne2 Qa4 13. Qd3 c5 14. 0-0 Rc8 15. f4 Nc7 16. f5 exf5 17. Qxf5 0-0 18. g4 Qc4 19. Rf2 cxd4 20. cxd4 Nb5 21. e6 Nh8 22. Be7 Nxd4 23. Nxd4 Qxd4 24. Raf1 hxg4 25. Bxf8 Rxf8 26. Kg2 g6 27. exf7+ Rxf7 28. Qe6 Qe4+ 29. Qxe4 dxe4 30. Rxf7 Nxf7 31. Rf6 Kg7 32. Re6 Nh6 33. Rxe4 Nf5 34. Kf2 g3+ 35. Kf3 Kf6 36. c3 Kg7 37. Kg2 Kh6 38. Kh3 Kg7 39. Ra4 a5 40. Re4 Kf6 41. a4 Nd6 42. Rg4 Kf5 43. Rg5+ Kf6 44. Rxg3 Ne4 45. Rf3+ Kg7 46. Kg4 Kh6 47. c4 Nc5 48. Rf6 Nxa4 49. h5 Nb2 50. Rxg6+ Kh7 51. Rc6 Nd3 52. Kg5 Ne5 53. Rc7+ Kg8 54. Kf6 Ng4+ 55. Kf5 Ne3+ 56. Kg6 1-0

[Event "Tashkent Al Beruniy-A 2nd"]
[Site "Tashkent"]
[Date "2025.02.05"]
[Round "3"]
[White "Madaminov, Mukhiddin"]
[Black "Khamdamova, Afruza"]
[Result "1-0"]
[WhiteElo "2521"]
[BlackElo "2354"]
[PlyCount "157"]
[EventDate "2025.02.03"]
[EventType "tourn"]
[EventRounds "9"]
[EventCountry "UZB"]
[EventCategory "14"]
[SourceTitle "CB07_2025"]
[SourceDate "2025.02.12"]
[SourceVersion "1"]
[SourceVersionDate "2025.02.12"]
[SourceQuality "1"]

1. e4 e5 2. Nf3 Nc6 3. Bc4 Nf6 4. d3 Bc5 5. c3 d6 6. b4 Bb6 7. a4 a5 8. b5 Ne7 9. 0-0 0-0 10. Nbd2 Ng6 11. d4 c6 12. dxe5 Nxe5 13. Nxe5 dxe5 14. Ba3 Re8 15. bxc6 bxc6 16. Qb3 Be6 17. Bxe6 Rxe6 18. Nc4 Ba7 19. Rad1 Qc8 20. Nd6 Qa6 21. h3 Rb8 22. Qa2 h6 23. Rfe1 h5 24. g3 Qb6 25. Nc4 Qb3 26. Qxb3 Rxb3 27. Rd3 Bd4 28. Bb2 Nd7 29. Rf3 Nb6 30. cxd4 Rxf3 31. Nxb6 Rb3 32. Nc4 exd4 33. Rc1 c5 34. Kf1 Rb4 35. Ba3 Rxa4 36. Ke2 Rxe4+ 37. Kd3 Re8 38. Rb1 Rc8 39. Rb5 f6 40. h4 Kh7 41. Bxc5 Ra1 42. Nxa5 Re8 43. Nb3 Rb1 44. Bxd4 Kg6 45. Be3 Rc8 46. Rb7 Rd1+ 47. Nd2 Rdc1 48. Nf3 R1c7 49. Rb5 Rd7+ 50. Ke2 Rcd8 51. Ng1 Rd5 52. Rb4 Kf7 53. Nh3 Re8 54. Kf3 Rf5+ 55. Kg2 Re7 56. Rc4 Ra5 57. Rc6 Re6 58. Rc4 Re7 59. Nf4 Rb5 60. Rc6 Rf5 61. Bc5 Re8 62. Rc7+ Kg8 63. Kh3 Kh7 64. Bd6 Kg8 65. Rd7 Rb5 66. Rc7 Kh7 67. Bc5 Kh6 68. Nd5 Re5 69. Be3+ Kg6 70. Nf4+ Kh7 71. Bd4 Rf5 72. Ne6 Rf3 73. Rxg7+ Kh8 74. Rg6 Rbf5 75. Ng5 Rxf2 76. Bxf2 Rxf2 77. Ne4 Re2 78. Nd6 Re6 79. Nf5 1-0